[Event "Netanya Open 2019"]
[Site "Netanya"]
[Date "2019.06.26"]
[Round "4.8"]
[White "Flom, Gabriel"]
[Black "Sivuk, Vitaly"]
[Result "1/2-1/2"]
[WhiteElo "2480"]
[BlackElo "2547"]
[Annotator "ChessBase"]
[PlyCount "117"]
[EventDate "2019.06.23"]
[EventType "swiss"]
[EventCountry "ISR"]
[SourceTitle "playchess.com"]
[Source "ChessBase"]
[SourceQuality "1"]
[TimeControl "40/5400+30:1800+30"]

1. d4 {[%emt 0:02:19]} Nf6 {[%emt 0:00:00]} 2. c4 {[%emt 0:00:03]} e6 {[%emt 0:00:00]} 3. Nc3 {[%emt 0:00:05]} Bb4 {[%emt 0:00:02]} 4. e3 {[%emt 0:00:13]} O-O {[%emt 0:00:16]} 5. Bd3 {[%emt 0:00:28]} c5 {[%emt 0:00:17]} 6. Nge2 {[%emt 0:02:14]} d5 {[%emt 0:00:27]} 7. cxd5 {[%emt 0:00:35]} cxd4 {[%emt 0:04:27]} 8. exd4 {[%emt 0:00:10]} Qxd5 {[%emt 0:04:24]} 9. O-O {[%emt 0:00:20]} Qh5 {[%emt 0:00:07]} 10. a3 {[%emt 0:12:06]} Bd6 {[%emt 0:10:11]} 11. Bf4 {[%emt 0:00:49]} Bxf4 {[%emt 0:00:24]} 12. Nxf4 {[%emt 0:00:02]} Qh6 {[%emt 0:00:31]} 13. Qc1 {[%emt 0:10:30]} Rd8 {[%emt 0:05:04]} 14. d5 {[%emt 0:00:52]} e5 {[%emt 0:19:04]} 15. Nfe2 {[%emt 0:00:35]} Qxc1 {[%emt 0:01:09]} 16. Raxc1 {[%emt 0:00:03]} Nbd7 {[%emt 0:00:19]} 17. Rfd1 {[%emt 0:06:27]} Nb6 {[%emt 0:01:28]} 18. d6 {[%emt 0:00:03]} Be6 {[%emt 0:11:45]} 19. Ne4 {[%emt 0:07:12]} Nxe4 {[%emt 0:02:54]} 20. Bxe4 {[%emt 0:00:01]} Nc4 {[%emt 0:00:48]} 21. d7 {[%emt 0:08:40]} Nxb2 {[%emt 0:04:05]} 22. Rd6 {[%emt 0:00:05]} Rxd7 {[%emt 0:02:30]} 23. Rxd7 {[%emt 0:00:06]} Bxd7 {[%emt 0:00:05]} 24. Bxb7 {[%emt 0:00:12]} Rb8 {[%emt 0:00:40]} 25. Rc7 {[%emt 0:00:55]} Be6 {[%emt 0:07:23]} 26. f4 {[%emt 0:03:47]} Bc4 {[%emt 0:06:19]} 27. Kf2 {[%emt 0:02:55]} exf4 {[%emt 0:04:22]} 28. Nxf4 {[%emt 0:00:15]} g6 {[%emt 0:05:22]} 29. Ke3 {[%emt 0:03:14]} Rd8 {[%emt 0:02:05]} 30. h4 {[%emt 0:00:38]} a5 {[%emt 0:02:24]} 31. g4 {[%emt 0:01:31]} Bb3 {[%emt 0:00:34]} 32. Ba6 {[%emt 0:01:54]} Nd1+ {[%emt 0:01:32]} 33. Kf3 {[%emt 0:00:16]} Re8 {[%emt 0:00:17]} 34. g5 {[%emt 0:01:25]} Ne3 {[%emt 0:01:14]} 35. Bd3 {[%emt 0:03:35]} Nd5 {[%emt 0:01:28]} 36. Nxd5 {[%emt 0:00:34]} Bxd5+ {[%emt 0:00:05]} 37. Kf4 {[%emt 0:00:02]} a4 {[%emt 0:02:28]} 38. Rc5 {[%emt 0:01:51]} Bb3 {[%emt 0:00:12]} 39. Bc4 {[%emt 0:03:16]} Re1 {[%emt 0:00:49]} 40. Bxb3 {[%emt 0:00:12]} axb3 {[%emt 0:00:04]} 41. Rb5 {[%emt 0:30:02]} Rb1 {[%emt 0:30:09]} 42. Kg3 {[%emt 0:00:11]} h6 {[%emt 0:00:00]} 43. a4 {[%emt 0:00:00]} hxg5 {[%emt 0:00:00]} 44. hxg5 {[%emt 0:00:00]} b2 {[%emt 0:00:00]} 45. Rb8+ {[%emt 0:00:00]} Kg7 {[%emt 0:00:00]} 46. Kh2 {[%emt 0:00:00]} Kh7 {[%emt 0:00:00]} 47. Rb7 {[%emt 0:00:00]} Kg8 {[%emt 0:00:00]} 48. Rb8+ {[%emt 0:00:00]} Kg7 {[%emt 0:00:00]} 49. a5 {[%emt 0:00:00]} Ra1 {[%emt 0:00:00]} 50. Rxb2 {[%emt 0:00:00]} Rxa5 {[%emt 0:00:00]} 51. Rg2 {[%emt 0:00:00]} Kf8 {[%emt 0:00:00]} 52. Kh3 {[%emt 0:00:00]} Ke7 {[%emt 0:00:00]} 53. Re2+ {[%emt 0:00:00]} Kd6 {[%emt 0:00:00]} 54. Kg4 {[%emt 0:00:00]} Re5 {[%emt 0:00:00]} 55. Rf2 {[%emt 0:00:00]} Re4+ {[%emt 0:00:00]} 56. Kg3 {[%emt 0:00:00]} Ke6 {[%emt 0:00:00]} 57. Rf6+ {[%emt 0:00:00]} Ke7 {[%emt 0:00:00]} 58. Ra6 {[%emt 0:00:00]} Re1 {[%emt 0:00:00]} 59. Kg4 {[%emt 0:00:00]} 1/2-1/2

[Event "Netanya Open 2019"]
[Site "Netanya"]
[Date "2019.06.26"]
[Round "4.9"]
[White "Erenberg, Ariel"]
[Black "Kogan, Arthur"]
[Result "1/2-1/2"]
[WhiteElo "2434"]
[BlackElo "2535"]
[Annotator "ChessBase"]
[PlyCount "71"]
[EventDate "2019.06.23"]
[EventType "swiss"]
[EventCountry "ISR"]
[SourceTitle "playchess.com"]
[Source "ChessBase"]
[SourceQuality "1"]
[TimeControl "40/5400+30:1800+30"]

1. d4 {[%emt 0:00:00]} Nf6 {[%emt 0:00:00]} 2. c4 {[%emt 0:00:00]} e6 {[%emt 0:00:30]} 3. Nf3 {[%emt 0:00:29]} Bb4+ {[%emt 0:00:28]} 4. Bd2 {[%emt 0:01:18]} c5 {[%emt 0:02:44]} 5. Bxb4 {[%emt 0:00:57]} cxb4 {[%emt 0:01:09]} 6. g3 {[%emt 0:00:34]} O-O {[%emt 0:00:38]} 7. Bg2 {[%emt 0:00:08]} a5 {[%emt 0:01:41]} 8. a3 {[%emt 0:05:37]} Na6 {[%emt 0:01:27]} 9. O-O {[%emt 0:02:06]} d6 {[%emt 0:03:53]} 10. axb4 {[%emt 0:11:56]} Nxb4 {[%emt 0:00:51]} 11. Nc3 {[%emt 0:00:49]} Qe7 {[%emt 0:07:06]} 12. e4 {[%emt 0:12:58]} e5 {[%emt 0:09:33]} 13. h3 {[%emt 0:09:51]} b6 {[%emt 0:07:45]} 14. Re1 {[%emt 0:05:32]} Ba6 {[%emt 0:03:22]} 15. b3 {[%emt 0:03:26]} Nd7 {[%emt 0:07:00]} 16. Qd2 {[%emt 0:09:03]} Rad8 {[%emt 0:05:28]} 17. Nd5 {[%emt 0:06:47]} Nxd5 {[%emt 0:00:57]} 18. exd5 {[%emt 0:00:21]} Qf6 {[%emt 0:08:20]} 19. b4 {[%emt 0:05:52]} Bxc4 {[%emt 0:04:54]} 20. bxa5 {[%emt 0:00:20]} bxa5 {[%emt 0:12:28]} 21. dxe5 {[%emt 0:00:37]} dxe5 {[%emt 0:01:36]} 22. Rxa5 {[%emt 0:00:51]} Rfe8 {[%emt 0:01:57]} 23. d6 {[%emt 0:04:42]} h6 {[%emt 0:04:04]} 24. Re4 {[%emt 0:00:05]} Rc8 {[%emt 0:04:22]} 25. Ra7 {[%emt 0:00:50]} Bb5 {[%emt 0:00:09]} 26. Rc7 {[%emt 0:01:48]} Rb8 {[%emt 0:03:30]} 27. Kh2 {[%emt 0:11:08]} Rb6 {[%emt 0:01:38]} 28. Qc3 {[%emt 0:03:43]} Rxd6 {[%emt 0:02:38]} 29. Re3 {[%emt 0:01:29]} e4 {[%emt 0:01:30]} 30. Rc8 {[%emt 0:00:32]} Rf8 {[%emt 0:02:25]} 31. Rxf8+ {[%emt 0:00:55]} Nxf8 {[%emt 0:00:07]} 32. Qxf6 {[%emt 0:00:03]} Rxf6 {[%emt 0:00:18]} 33. Rxe4 {[%emt 0:00:01]} Bc6 {[%emt 0:00:24]} 34. Re3 {[%emt 0:00:03]} Rd6 {[%emt 0:01:05]} 35. Ne5 {[%emt 0:00:27]} Bxg2 {[%emt 0:00:11]} 36. Kxg2 {[%emt 0:00:04]} 1/2-1/2

[Event "Netanya Open 2019"]
[Site "Netanya"]
[Date "2019.06.26"]
[Round "4.10"]
[White "Dvoirys, Semen I."]
[Black "Emanuel, Yahav"]
[Result "1-0"]
[WhiteElo "2502"]
[BlackElo "2359"]
[Annotator "ChessBase"]
[PlyCount "87"]
[EventDate "2019.06.23"]
[EventType "swiss"]
[EventCountry "ISR"]
[SourceTitle "playchess.com"]
[Source "ChessBase"]
[SourceQuality "1"]
[TimeControl "40/5400+30:1800+30"]

1. e4 {[%emt 1:30:30]} e5 {[%emt 0:06:45]} 2. Nf3 {[%emt 0:00:00]} Nc6 {[%emt 0:00:09]} 3. Bb5 {[%emt 0:00:00]} a6 {[%emt 0:00:09]} 4. Ba4 {[%emt 0:00:00]} Nf6 {[%emt 0:00:17]} 5. O-O {[%emt 0:00:00]} Be7 {[%emt 0:00:20]} 6. Re1 {[%emt 0:00:00]} b5 {[%emt 0:00:01]} 7. Bb3 {[%emt 0:00:00]} d6 {[%emt 0:00:11]} 8. c3 {[%emt 0:00:00]} O-O {[%emt 0:00:11]} 9. h3 {[%emt 0:00:00]} Nb8 {[%emt 0:00:11]} 10. d4 {[%emt 0:00:00]} Nbd7 {[%emt 0:00:06]} 11. Nbd2 {[%emt 0:00:00]} Bb7 {[%emt 0:00:13]} 12. Bc2 {[%emt 0:00:00]} Re8 {[%emt 0:00:20]} 13. Nf1 {[%emt 0:00:00]} Bf8 {[%emt 0:00:10]} 14. Ng3 {[%emt 0:00:00]} g6 {[%emt 0:00:09]} 15. a4 {[%emt 0:00:00]} c5 {[%emt 0:00:15]} 16. d5 {[%emt 0:00:00]} c4 {[%emt 0:00:06]} 17. Bg5 {[%emt 0:00:00]} h6 {[%emt 0:00:43]} 18. Be3 {[%emt 0:00:00]} Nc5 {[%emt 0:00:19]} 19. Qd2 {[%emt 0:00:00]} h5 {[%emt 0:00:13]} 20. Ng5 {[%emt 0:00:00]} Bg7 {[%emt 0:19:07]} 21. f4 {[%emt 0:00:00]} exf4 {[%emt 0:04:35]} 22. Bxf4 {[%emt 0:00:00]} Qe7 {[%emt 0:14:18]} 23. Qf2 {[%emt 0:00:00]} Nfd7 {[%emt 0:05:06]} 24. Nf3 {[%emt 0:00:00]} Ne5 {[%emt 0:12:56]} 25. Nxe5 {[%emt 0:00:00]} Bxe5 {[%emt 0:00:30]} 26. Bxe5 {[%emt 0:00:00]} Qxe5 {[%emt 0:03:00]} 27. Nf1 {[%emt 0:00:00]} Rac8 {[%emt 0:05:37]} 28. Nd2 {[%emt 0:00:00]} Qe7 {[%emt 0:09:21]} 29. Rf1 {[%emt 0:00:00]} Rc7 {[%emt 0:05:06]} 30. axb5 {[%emt 0:00:00]} axb5 {[%emt 0:00:01]} 31. Nf3 {[%emt 0:00:00]} Ra8 {[%emt 0:06:15]} 32. Rae1 {[%emt 0:00:00]} Nd7 {[%emt 0:01:29]} 33. Nd4 {[%emt 0:00:00]} Ba6 {[%emt 0:03:39]} 34. Nc6 {[%emt 0:00:00]} Qe8 {[%emt 0:00:59]} 35. Qg3 {[%emt 0:02:46]} Ne5 {[%emt 0:00:38]} 36. Rf6 {[%emt 0:04:05]} Nxc6 {[%emt 0:02:13]} 37. Qxd6 {[%emt 0:02:12]} Rac8 {[%emt 0:01:31]} 38. Qf4 {[%emt 0:00:16]} Bb7 {[%emt 0:00:47]} 39. e5 {[%emt 0:01:00]} Re7 {[%emt 0:00:58]} 40. e6 {[%emt 0:00:30]} Kg7 {[%emt 0:00:28]} 41. Rf1 {[%emt 0:31:48]} Rcc7 {[%emt 0:14:20]} 42. exf7 {[%emt 0:00:00]} Rxf7 {[%emt 0:00:05]} 43. Rxg6+ {[%emt 0:00:00]} Kh8 {[%emt 0:00:55]} 44. Qh6+ {[%emt 0:00:00]} 1-0

[Event "Netanya Open 2019"]
[Site "Netanya"]
[Date "2019.06.26"]
[Round "4.11"]
[White "Kantsler, Boris"]
[Black "Zoler, Dan"]
[Result "1/2-1/2"]
[WhiteElo "2420"]
[BlackElo "2499"]
[Annotator "TA"]
[PlyCount "44"]
[EventDate "2019.06.23"]
[EventType "swiss"]
[EventCountry "ISR"]
[SourceTitle "playchess.com"]
[Source "ChessBase"]
[SourceQuality "1"]

{[%evp 25,27,22,19,18]} 1. d4 d5 2. c4 c6 3. Nf3 Nf6 4. e3 Bf5 5. Nc3 e6 6. Bd3 Bxd3 7. Qxd3 Be7 8. O-O O-O 9. e4 dxe4 10. Nxe4 Nbd7 11. Bf4 Nxe4 12. Qxe4 Nf6 13. Qe2 Qa5 14. Rfd1 {D12: Slav Defence: 3 Nf3 Nf6 4 e3 Bf5} {Predecessor:} Qf5 $146 15. Bg3 Rfd8 16. Rd3 Nh5 17. Rad1 Nxg3 18. hxg3 Bf6 19. Ne5 h5 20. g4 hxg4 21. Nxg4 Rd6 22. Nxf6+ Qxf6 {1-0 (72) Kekelidze,M (2470)-Enkhbat,T (2417) Rockville 2013} 1/2-1/2

[Event "Netanya Open 2019"]
[Site "Netanya"]
[Date "2019.06.26"]
[Round "4.12"]
[White "Musyuk, Lior"]
[Black "Khmelniker, Ilya"]
[Result "0-1"]
[WhiteElo "2190"]
[BlackElo "2483"]
[Annotator "ChessBase"]
[PlyCount "82"]
[EventDate "2019.06.23"]
[EventType "swiss"]
[EventCountry "ISR"]
[SourceTitle "playchess.com"]
[Source "ChessBase"]
[SourceQuality "1"]
[TimeControl "40/5400+30:1800+30"]

1. e4 {[%emt 0:00:00]} e5 {[%emt 0:07:00]} 2. Nf3 {[%emt 0:00:00]} Nc6 {[%emt 0:00:06]} 3. d4 {[%emt 0:00:08]} exd4 {[%emt 0:00:06]} 4. Bc4 {[%emt 0:00:10]} Nf6 {[%emt 0:00:07]} 5. e5 {[%emt 0:00:11]} d5 {[%emt 0:00:07]} 6. Bb5 {[%emt 0:00:12]} Nd7 {[%emt 0:00:05]} 7. O-O {[%emt 0:00:33]} Be7 {[%emt 0:00:45]} 8. Bxc6 {[%emt 0:00:11]} bxc6 {[%emt 0:00:05]} 9. Nxd4 {[%emt 0:00:08]} Nb8 {[%emt 0:00:05]} 10. c4 {[%emt 0:00:45]} O-O {[%emt 0:10:15]} 11. Qf3 {[%emt 0:01:16]} dxc4 {[%emt 0:19:11]} 12. Rd1 {[%emt 0:14:49]} Qd5 {[%emt 0:01:47]} 13. Qg3 {[%emt 0:01:57]} Qe4 {[%emt 0:00:53]} 14. Bf4 {[%emt 0:08:27]} c5 {[%emt 0:25:18]} 15. Nb5 {[%emt 0:11:10]} Na6 {[%emt 0:02:26]} 16. N1c3 {[%emt 0:11:42]} Qg6 {[%emt 0:01:51]} 17. Nd5 {[%emt 0:01:27]} Bd8 {[%emt 0:00:05]} 18. Na3 {[%emt 0:01:44]} Be6 {[%emt 0:06:42]} 19. Nxc4 {[%emt 0:03:09]} c6 {[%emt 0:00:09]} 20. Nde3 {[%emt 0:00:52]} Qh5 {[%emt 0:00:33]} 21. Qf3 {[%emt 0:06:14]} Qxf3 {[%emt 0:00:19]} 22. gxf3 {[%emt 0:00:01]} Nb4 {[%emt 0:00:17]} 23. a3 {[%emt 0:01:47]} Nd5 {[%emt 0:00:19]} 24. Bg3 {[%emt 0:00:54]} h5 {[%emt 0:01:11]} 25. h4 {[%emt 0:01:11]} Rb8 {[%emt 0:13:55]} 26. f4 {[%emt 0:04:01]} g6 {[%emt 0:01:31]} 27. Rac1 {[%emt 0:03:30]} Rb3 {[%emt 0:00:18]} 28. Rd2 {[%emt 0:03:10]} Bc7 {[%emt 0:00:54]} 29. Nd6 {[%emt 0:02:51]} Nxe3 {[%emt 0:01:45]} 30. fxe3 {[%emt 0:00:13]} Rxe3 {[%emt 0:00:27]} 31. Bf2 {[%emt 0:01:28]} Rf3 {[%emt 0:00:05]} 32. Rxc5 {[%emt 0:01:49]} Rxf4 {[%emt 0:04:03]} 33. Rxc6 {[%emt 0:01:36]} Bd8 {[%emt 0:00:00]} 34. Bxa7 {[%emt 0:04:11]} Bxh4 {[%emt 0:01:12]} 35. b4 {[%emt 0:02:05]} Rg4+ {[%emt 0:00:14]} 36. Kf1 {[%emt 0:01:42]} f6 {[%emt 0:00:42]} 37. Ke2 {[%emt 0:04:50]} fxe5 {[%emt 0:00:28]} 38. Nf7 {[%emt 0:01:52]} Bxf7 {[%emt 0:01:02]} 39. b5 {[%emt 0:01:13]} Bc4+ {[%emt 0:00:33]} 40. Kd1 {[%emt 0:00:22]} Bxb5 {[%emt 0:00:22]} 41. Rxg6+ {[%emt 0:30:35]} Rxg6 {[%emt 0:30:07]} 0-1

[Event "Netanya Open 2019"]
[Site "Netanya"]
[Date "2019.06.26"]
[Round "4.13"]
[White "Aharon, Ofir"]
[Black "Korobov, Anton"]
[Result "0-1"]
[WhiteElo "2302"]
[BlackElo "2687"]
[Annotator "TA"]
[PlyCount "76"]
[EventDate "2019.06.23"]
[EventType "swiss"]
[EventCountry "ISR"]
[SourceTitle "playchess.com"]
[Source "ChessBase"]
[SourceQuality "1"]

{[%evp 11,76,23,34,19,19,16,53,30,52,41,70,31,64,47,53,25,38,34,31,35,35,0,12,-143,-131,-138,-77,-76,-73,-85,-85,-70,-95,-86,-89,-81,-81,-259,-237,-283,-97,-104,-100,-138,-105,-119,-125,-101,-115,-282,-260,-293,-290,-260,-275,-240,-188,-237,-239,-972,-844,-1172,-1170,-5260,-5252,-29989,-29990]} 1. e4 c5 2. Nf3 Nc6 3. d4 cxd4 4. Nxd4 Qb6 5. Nb3 Nf6 6. Bd3 e6 7. Be3 {B32: Sicilian: Löwenthal and Kalashnikov Variations} Qc7 8. f4 a6 9. N1d2 {White is slightly better.} d6 10. Qf3 Be7 11. g4 b5 $146 ({Predecessor:} 11... b6 12. a3 Bb7 13. g5 Nd7 14. O-O-O Nc5 {1-0 (35) Macieja,B (2613)-Markus,R (2586) Vrsac 2006}) 12. g5 Nd7 13. h4 Bb7 14. c3 Nc5 15. Nxc5 dxc5 16. Bc2 Rd8 {next ...Nd4! is good for Black.} 17. h5 $2 {[#]} (17. Nb3 $11) 17... Nd4 $1 $36 {[%cal Rd4c2][%mdl 2560] Black is in control.} 18. Qd1 (18. cxd4 cxd4) 18... e5 ({Black should try} 18... Nxc2+ 19. Qxc2 c4) 19. cxd4 exd4 20. Qf3 dxe3 21. Qxe3 c4 22. h6 g6 23. Qc3 Kd7 24. Qh3+ $2 (24. Rf1 $17) 24... Kc6 $1 $19 25. Rf1 {[#]} Kb6 $2 (25... Qa5 $1 $19 {[%csl Gd8][%cal Ra5d2][%mdl 512]} 26. O-O-O Qxa2) 26. O-O-O Rd4 27. Nb1 Rxd1+ 28. Bxd1 b4 29. Nd2 {With the idea Qe3+.} Ka7 30. Qe3+ $2 (30. Bc2 $17 {is a better defense.}) 30... Bc5 31. Qe2 c3 32. Nc4 Rd8 33. Bc2 a5 {[%cal Ba6a5,Ba5a4][%mdl 32]} 34. b3 {[#]} Ba6 $1 {Strongly threatening ...Rd2!} 35. Bd3 $2 (35. Rd1) 35... Bxc4 36. bxc4 a4 37. Qc2 Qa5 38. f5 {[#]} b3 $1 {[%mdl 512] Accuracy: White = 21%, Black = 75%.} 0-1

[Event "Netanya Open 2019"]
[Site "Netanya"]
[Date "2019.06.26"]
[Round "4.14"]
[White "Parligras, Mircea-Emilian"]
[Black "Tzidkiya, Yeshaayahu"]
[Result "1-0"]
[WhiteElo "2638"]
[BlackElo "2265"]
[Annotator "TA"]
[PlyCount "89"]
[EventDate "2019.06.23"]
[EventType "swiss"]
[EventCountry "ISR"]
[SourceTitle "playchess.com"]
[Source "ChessBase"]
[SourceQuality "1"]

{[%evp 12,89,37,43,43,43,85,48,52,52,49,35,22,18,34,33,22,28,27,18,20,0,26,27,22,16,14,7,10,7,11,-27,-27,-27,-27,-27,-27,-30,-27,-27,-27,-27,-27,-27,-27,-27,-27,-27,-27,-21,-21,-21,-21,-22,-21,-223,-222,-174,-91,-91,-91,-94,-91,-145,-59,-59,-59,-59,0,-144,0,0,0,0,304,304,2441,2273,29984,29985]} 1. d4 Nf6 2. c4 g6 3. Nc3 Bg7 4. e4 O-O 5. Be3 d6 6. h3 c5 7. Nf3 Qa5 {...Nxe4 is the strong threat. E90: King's Indian: Classical: Early deviations and 6 h3} (7... cxd4 8. Nxd4 Nc6 9. Be2 Bd7 10. O-O Nxd4 11. Bxd4 Bc6 12. Qc2 a5 13. Rad1 Nd7 14. Bxg7 Kxg7 15. Bg4 Ne5 16. c5 Nxg4 17. hxg4 Qc8 18. cxd6 Qxg4 19. dxe7 Rfe8 {1-0 (43) Cheparinov,I (2711)-Amin,B (2709) Zagreb 2018}) 8. Bd3 Nc6 9. O-O Nd7 {[%cal Rc5d4] White is slightly better.} 10. Be2 e5 {[%cal Re5d4]} 11. dxc5 dxc5 12. Nd5 Re8 $146 ({Predecessor:} 12... Qd8 13. Qd2 a5 14. Rad1 Nd4 15. Rfe1 {0-1 (39) Raghunandan,K (2424)-Damljanovic,B (2466) Djenovici 2019}) 13. a3 Qd8 14. b4 b6 15. Rb1 (15. Bg5 {is interesting.} f6 16. Be3 Nd4 17. h4 h5 18. Rb1) 15... Nd4 16. Nxd4 (16. Re1 {is more complex.} Ba6 17. Bd3 Rc8 18. Rc1 Bb7 19. Bd2) 16... cxd4 (16... exd4 {keeps more tension.} 17. Bf4 Bb7 18. Re1 cxb4 19. axb4 Rxe4 20. Bf3 Rxe1+ 21. Qxe1 Kh8) 17. Bd2 Bb7 18. Qb3 Bc6 19. Rfc1 Rb8 20. Bg4 Nf6 21. Bg5 (21. Bf3 {with more complications.} h6 22. a4 a6 23. b5 axb5 24. axb5 Bb7 25. Ra1) 21... h6 22. Bxf6 Bxf6 23. a4 Bg5 24. Rc2 Qd6 25. b5 Bb7 26. a5 h5 ({But not} 26... bxa5 $6 27. c5 $16) 27. Be2 Rbc8 $36 {[%mdl 2048] Black fights for an advantage.} 28. Ra1 Rc5 29. axb6 axb6 30. Ra7 Bxd5 31. cxd5 {next Rxc5 is good for White.} Rec8 32. Rxc5 Rxc5 33. g3 $2 (33. Bc4 $11) 33... Rc3 $1 $19 {[%cal Rc3b3]} 34. Qb2 Qc5 ({Better is} 34... h4 $1 $19 {[%cal Rh4g3]} 35. gxh4 Bxh4) 35. d6 $17 Qxd6 {White must now prevent ...h4.} 36. h4 Be7 37. Bd1 (37. Qd2 $142) 37... Qc5 (37... Kg7 $17 38. Kg2 Qe6) 38. Bb3 $15 Kg7 {Threatens to win with ...Qb4.} 39. Ba2 $1 Kh6 (39... Qd6 $15) 40. Rd7 (40. Qd2+ $1 $11 {keeps the balance.} Kg7 41. Kg2) 40... Rc2 (40... f5 $1 $17 41. Qd2+ f4) 41. Qb3 $11 {[#]} d3 $1 {[%mdl 512]} 42. Qxf7 (42. Qxd3 Qxf2+) 42... d2 $2 {[%mdl 8192]} (42... Rc1+ $1 $11 {and Black is okay.} 43. Kh2 Rc2) 43. Kg2 $1 $18 {Strongly threatening Bb3.} Qe3 $2 {[#]} (43... d1=Q 44. Rxd1 Qb4) 44. Rd8 $1 {[%cal Rd8h8]} (44. fxe3 {gets mated.} d1=Q+ 45. Qf2 Rxf2+ 46. Kxf2 Qxd7 47. Ke2 Qxb5+ 48. Ke1 Qa5+ {[%mdl 64] Double Attack} 49. Kf1 Qxa2 50. Kg1 {[#]} Bc5 $1 {[%mdl 512]} 51. Kh1 Bxe3 52. g4 hxg4 53. h5 Qf2 54. hxg6 Qg1#) (44. Rxe7 $2 Qxf2+ 45. Qxf2 d1=Q $19) 44... Qxe4+ 45. Kh2 {Accuracy: White = 61%, Black = 52%.} 1-0

[Event "Netanya Open 2019"]
[Site "Netanya"]
[Date "2019.06.26"]
[Round "4.15"]
[White "Rozentalis, Eduardas"]
[Black "Gorodetzky, Matan"]
[Result "1-0"]
[WhiteElo "2540"]
[BlackElo "2303"]
[Annotator "ChessBase"]
[PlyCount "55"]
[EventDate "2019.06.23"]
[EventType "swiss"]
[EventCountry "ISR"]
[SourceTitle "playchess.com"]
[Source "ChessBase"]
[SourceQuality "1"]
[TimeControl "40/5400+30:1800+30"]

1. e4 {[%emt 0:00:00]} e6 {[%emt 0:00:15]} 2. d4 {[%emt 0:00:00]} d5 {[%emt 0:00:05]} 3. Nd2 {[%emt 0:00:01]} c5 {[%emt 0:00:10]} 4. Ngf3 {[%emt 0:00:23]} a6 {[%emt 0:00:12]} 5. Bd3 {[%emt 0:01:18]} Nc6 {[%emt 0:17:11]} 6. exd5 {[%emt 0:00:44]} exd5 {[%emt 0:01:45]} 7. O-O {[%emt 0:00:13]} c4 {[%emt 0:02:47]} 8. Re1+ {[%emt 0:01:42]} Be7 {[%emt 0:00:32]} 9. Bf1 {[%emt 0:00:29]} Nf6 {[%emt 1:11:33]} 10. c3 {[%emt 0:03:19]} O-O {[%emt 0:00:00]} 11. Ne5 {[%emt 0:00:45]} Re8 {[%emt 0:00:00]} 12. g3 {[%emt 0:05:37]} Bd6 {[%emt 0:00:00]} 13. f4 {[%emt 0:02:49]} Qb6 {[%emt 0:00:00]} 14. Ndf3 {[%emt 0:02:22]} Bf5 {[%emt 0:00:00]} 15. Bg2 {[%emt 0:06:21]} h6 {[%emt 0:00:00]} 16. h3 {[%emt 0:12:28]} Bxe5 {[%emt 0:00:00]} 17. fxe5 {[%emt 0:04:19]} Ne4 {[%emt 0:00:00]} 18. Nh4 {[%emt 0:04:12]} Bh7 {[%emt 0:00:00]} 19. Kh2 {[%emt 0:00:37]} Ne7 {[%emt 0:00:00]} 20. Rf1 {[%emt 0:05:56]} Rf8 {[%emt 0:00:00]} 21. Qe2 {[%emt 0:10:18]} g5 {[%emt 0:00:00]} 22. Bxe4 {[%emt 0:03:02]} Bxe4 {[%emt 0:00:00]} 23. Rf6 {[%emt 0:00:04]} Qd8 {[%emt 0:00:00]} 24. Rxh6 {[%emt 0:05:35]} Bg6 {[%emt 0:04:54]} 25. Bxg5 {[%emt 0:01:07]} Kg7 {[%emt 0:00:06]} 26. Qe3 {[%emt 0:04:25]} Rg8 {[%emt 0:00:17]} 27. Bf6+ {[%emt 0:00:28]} Kf8 {[%emt 0:00:05]} 28. Nxg6+ {[%emt 0:00:17]} 1-0